00482cam a22001812 4500001001100000005001700011008004100028020001700069040001500086050002000101100003700121245002700158250001200185260003400197300002700231650003900258852000300297000002380520151217152249.0130326s xx 000 0 eng d a0071222044 : aKABUcKABU 0aQE38b.M66 20111 aMontgomery, Carla W.@000015441410aEnvironmental geology. a9th ed. aBoston :bMcGraw-Hill,c2011. a1 v. ( various paging) 0aEnvironmental geology.@00001544151